<?xml version="1.0" encoding="UTF-8"?>
<marc:record xmlns:marc="http://www.loc.gov/MARC21/slim">
   <marc:leader>00000nam a2200000 a 4500</marc:leader>
   <marc:datafield ind1="1" ind2=" " tag="100">
      <marc:subfield code="a">Greuter, Matthäus</marc:subfield>
   </marc:datafield>
   <marc:datafield ind1="1" ind2=" " tag="100">
      <marc:subfield code="a">Riccardius, Nicolaus</marc:subfield>
   </marc:datafield>
   <marc:datafield ind1="1" ind2=" " tag="100">
      <marc:subfield code="a">Brogiotti, Andrea</marc:subfield>
   </marc:datafield>
   <marc:datafield ind1="1" ind2=" " tag="100">
      <marc:subfield code="a">Barberini, Francesco</marc:subfield>
   </marc:datafield>
   <marc:datafield ind1="1" ind2=" " tag="100">
      <marc:subfield code="a">Urbanus &lt;Papa, VIII.&gt;</marc:subfield>
   </marc:datafield>
   <marc:datafield ind1=" " ind2=" " tag="653">
      <marc:subfield code="a">s||Papst</marc:subfield>
   </marc:datafield>
   <marc:datafield ind1=" " ind2=" " tag="653">
      <marc:subfield code="a">s||Numismatik</marc:subfield>
   </marc:datafield>
   <marc:datafield ind1=" " ind2="1" tag="264">
      <marc:subfield code="c">1630</marc:subfield>
   </marc:datafield>
   <marc:datafield ind1="1" ind2=" " tag="520">
      <marc:subfield code="a">Vermerk: Catalogus inscriptae Villaci Capuccinorum 1637 H. 7.; Kupferstich am Titelbl. http://zentralbibliothek.kapuziner.at/kupferstiche/provinzbibliothek/provinzbibliothek_3521.jpg, zahlr. Porträts der Päpste und Kardinäle mit ihren Wappen, ill. Initialen und Verzierungen im Text; gelblicher Ledereinband auf Buchdeckeln aus Holz, Leder der Buchdeckel mit Linien, figurativen und fleuralen Bordüren und Jesuitenemblem (IHS mit Kreuz und 3 Kreuzesnägel) in der Mitte der Buchdeckel verziert, Buchrücken mit 5 Bünden, Aufschrift "Vitae S.S. Pontific." und "H" "I", zwei rechteckige Messingschließen mit Lederscharnieren, grüne Schnittkante.</marc:subfield>
   </marc:datafield>
   <marc:datafield ind1=" " ind2=" " tag="500">
      <marc:subfield code="a">Titelbl. in Rot- und Schwarzdr.</marc:subfield>
   </marc:datafield>
   <marc:datafield ind1="0" ind2=" " tag="490">
      <marc:subfield code="v">2.</marc:subfield>
   </marc:datafield>
   <marc:datafield ind1=" " ind2=" " tag="300">
      <marc:subfield code="a">[1] Bl., Sp. 1035 - 2030 [i.e. 2036], [10] Bl. : zahlr. Ill.</marc:subfield>
   </marc:datafield>
</marc:record>
